000 00266nam a2200109 a 4500
005 20141022142007.0
008 100913s19uu xx 00 eng d
050 _aCD-ROM
_bI1 2003
245 _aISE Student edition.
260 _bPrentice Hall,
_c2003.
942 _cAVM
999 _c276567
_d276567